KVB Köln: Linie 5 - Statistiken

Allgemein
  • Dieses Quiz wurde 185 mal gespielt
  • Das Durchschnittsergebnis liegt bei 14 aus 17
Antwortstatistiken
Haltestelle % Korrekt
Friesenplatz
97%
Dom/Hauptbahnhof
96%
Heumarkt
95%
Hans-Böckler-Platz/Bahnhof West
90%
Rathaus
90%
Appellhofplatz
89%
IKEA Am Butzweilerhof
88%
Nußbaumerstraße
87%
Alter Flughafen Butzweilerhof
86%
Subbelrather Straße/Gürtel
85%
Liebigstraße
81%
Sparkasse Am Butzweilerhof
81%
Gutenbergstraße
77%
Lenauplatz
77%
Iltisstraße/Äußere Kanalstraße
76%
Rektor-Klein-Straße
63%
Margaretastraße
55%
Keine übereinstimmenden Quizze gefunden
Verteilung der Resultate
Anzahl Personen mit jedem Resultat
Perzentil nach korrekt beantworteten Fragen
Ihre Resultats-Entwicklung
Sie haben dieses Quiz noch nicht gespielt